| 000 | 00573nam a22001577a 4500 | ||
|---|---|---|---|
| 003 | macl | ||
| 005 | 20200225115348.0 | ||
| 008 | 200225b xxu||||| |||| 00| 0 eng d | ||
| 040 | _cmacl | ||
| 082 | _a891.433/TAG/S | ||
| 100 |
_aटैगोर , रवींद्रनाथ _966693 |
||
| 245 | _aरवींद्रनाथ टैगाेर की लोकप्रिय कहानियॉ | ||
| 260 |
_aदिल्ली _bप्रतिमा प्रतिष्ठान _c2017 |
||
| 650 |
_aकहानियॉ _978440 |
||
| 942 |
_2ddc _cHIN |
||
| 999 |
_c62233 _d62233 |
||